000 00503nam a22001577a 4500
003 OSt
005 20211201150347.0
008 211201b |||||||| |||| 00| 0 eng d
020 _a0947885927
040 _cHU
082 _a378.19422
245 _a53 interesting ways to supervise student projects, dissertations and theses
_cVicky Lewis; Sue Habeshaw
260 _a Bristol :
_bTechnical and Educational Services,
_c1997.
300 _a 172 pages : illustrations
_c; 21 cm.
942 _2ddc
_cBOOKS
_n0
999 _c20978
_d20978